000 00291 a2200121 4500
999 _c321891
_d321891
001 86818
003 NUST
005 20180124094339.0
008 180124b xxu||||| |||| 00| 0 eng d
082 _a891.4393 QAI
100 _aQaisara-e-Hayat
_99637
245 _aPull-e-Sirraat
_hUrdu
260 _aLahore
_bIlm-o-Irfan Publishers
_c2009
300 _a544p.
942 _aCAE NUST
_cBK
_k891.4393 QAI
_2ddc